MARC

LEADER 00000nam0a2200000 4500
001 245204
005 20231101232118.0
035 |a (RuTPU)RU\TPU\book\266610 
090 |a 245204 
100 |a 20131107d1990 k y0rusy50 ca 
101 0 |a rus 
102 |a RU 
105 |a a z 001zy 
200 1 |a Проблемы системотехники и АСУ  |e межвузовский сборник  |f Северо-Западный заочный политехнический институт (СЗПИ) ; под ред. В. И. Николаева 
210 |a Ленинград  |c Изд-во СЗПИ  |d 1990 
215 |a 152 с.  |c ил. 
320 |a Библиография в конце статей 
606 1 |a Системотехника  |2 stltpush  |3 (RuTPU)RU\TPU\subj\54986  |9 73059 
606 1 |a Автоматизированные системы управления технологическими процессами (АСУ ТП)  |2 stltpush  |3 (RuTPU)RU\TPU\subj\742  |9 29554 
610 1 |a системотехнические комплексы 
610 1 |a построение 
610 1 |a задачи 
610 1 |a решение 
610 1 |a банки данных 
610 1 |a данные 
610 1 |a гибкие производственные системы 
610 1 |a проектирование 
675 |a 681.51.012  |v 3 
675 |a 658.512.4.011.56  |v 3 
702 1 |a Николаев  |b В. И.  |4 340 
712 0 2 |a Северо-Западный заочный политехнический институт (СЗПИ)  |c (Ленинград)  |2 stltpush  |3 (RuTPU)RU\TPU\col\2602 
801 1 |a RU  |b 63413507  |c 20131107 
801 2 |a RU  |b 63413507  |c 20131108  |g RCR 
942 |c BK